000
00227nam a22000857a 4500
008
170215b xxu||||| |||| 00| 0 eng d
100
_9
2883
_a
Aggarwal.N.K.
245
_a
English Grammar & Composition-8
260
_a
New Delhi
_b
GBP
_c
2010
999
_c
6110
_d
6110